000 01369pab a2200181 454500
008 180718b2011 xxu||||| |||| 00| 0 eng d
100 _aKickert, Walter J. M.
245 _aSmall, slow, and garadual reform: What can historical institutionalism teach us?
260 _c2011
300 _ap.475-485.
362 _aJul-Sep
520 _aIn this article, the issue of "small, slow and gradual reform" is explored, particularly from the perspective of "historical institutionalism". Historically grown and solidified institutions explain why change usually is only small, slow, and gradual. We have a closer look at the political science theory of historical institutionalism. After considering key-concepts of historical instituionalism such as "path dependency" and "puncutated equilibrium," we look at recent developments of typologies of incremental, gradual transformations. Elaborating upon this typology we develop a conceptual framework of various and varying types of change. The descrptive validity of this framework is "tested" by offering empirial illustrations in three case studies of changes that thave occurred in and around the Dutch Ministry of Agriculture. - Reproduced.
650 _aAdministrative reform
700 _aMeer, Frans-Bauke van der
773 _aInternational Journal of Public Administration
908 _aN
909 _a94199
999 _c94199
_d94199